The Love Story We Wrote/ (Record no. 216149)
[ view plain ]
| 000 -LEADER | |
|---|---|
| fixed length control field | 00643nam a22002057a 4500 |
| 005 - DATE AND TIME OF LATEST TRANSACTION | |
| control field | 20260514103432.0 |
| 010 ## - LCCN (DPL NO) | |
| LC control number | ENG-148478 |
| 020 ## - INTERNATIONAL STANDARD BOOK NUMBER | |
| International Standard Book Number | 9789395481069 |
| Terms of availability | 400.00 |
| 035 ## - SYSTEM CONTROL NUMBER | |
| System control number | EN-132010 |
| 037 ## - SOURCE OF ACQUISITION | |
| Source of stock number/acquisition | DBAD |
| 082 ## - DEWEY DECIMAL CLASSIFICATION NUMBER | |
| Classification number | S |
| 100 ## - MAIN ENTRY--PERSONAL NAME | |
| Personal name | Vohra, Rishi |
| 245 ## - TITLE STATEMENT | |
| Title | The Love Story We Wrote/ |
| Statement of responsibility, etc | Rishi Vohra |
| 250 ## - EDITION STATEMENT | |
| Edition statement | 1 |
| 260 ## - PUBLICATION, DISTRIBUTION, ETC. (IMPRINT) | |
| Name of publisher, distributor, etc | Vishwakarma Publications |
| Date of publication, distribution, etc | 2023 |
| Place of publication, distribution, etc | Maharashtra |
| 270 ## - ADDRESS | |
| Address | 34A/1, Suyog Center, 7th floor, Gultekedi Marketyard Road, Giridhar Bhavan Chowk, |
| Postal code | 411037 |
| City | Pune |
| Electronic mail address | info@vpindia.co.in |
| 300 ## - PHYSICAL DESCRIPTION | |
| Extent | 256p. |
| Dimensions | 20cm (pb) |
| 500 ## - GENERAL NOTE | |
| General note | ...Memoirs of a Broken Heart's First Love |
| 942 ## - ADDED ENTRY ELEMENTS (KOHA) | |
| Source of classification or shelving scheme | Dewey Decimal Classification |
| Item type | English Books |
| Classification part | S |
| Call number suffix | VOH |
| Withdrawn status | Lost status | Not for loan | Collection code | Home library | Current library | Date acquired | Source of acquisition | Cost, normal purchase price | Full call number | Barcode | Copy number | Cost, replacement price | Koha item type |
|---|---|---|---|---|---|---|---|---|---|---|---|---|---|
| Fiction | Kasturba Gandhi Marg | Kasturba Gandhi Marg | 14/05/2026 | Delivery of Books Act Division | 400.00 | S VOH | EN-132010 | 1 | 400.00 | English Books |
